000 00547nam a2200157 a 4500
001 000033964
005 20200930070648.0
008 110915s1988 dr ac 000 0 spa d
020 _a847580568X
040 _aDO-SdBNP
_bspa
_cBNPHU
082 _axxx
_bC352l
100 1 _aCastillo de Urberuaga, Antonio
_959425
245 1 3 _aLa Española :
_bEntre la miseria y el desencanto /
_cAntonio Castillo de Urberuaga.
260 _aGranada, España :
_bCaja General de Ahorros y Monte de Piedad de Granada,
_c1988.
300 _a376 p. :
_bil., retr. ;
_c24 cm.
999 _c33455
_d33455